00229cam a22000857a 4500008003600000082001500036100003000051245005300081260000900134180718b xxu||||| |||| 00| 0 eng d aI555m/B458 aBernstein, Samuel J., ed. aSelected readings in quantitative urban analysis abc